Biological nitrogen fixation for the 21st century: Proceedings of the 11th International Congress on Nitrogen Fixation Institut Pasteur,Paris,France,Jul 20-25,1997 (Record no. 41548)

MARC details
000 -LEADER
fixed length control field 00677nam a2200181Ia 4500
082 ## - DEWEY DECIMAL CLASSIFICATION NUMBER
Classification number 631.461.5
Item number ELM
245 #0 - TITLE STATEMENT
Title Biological nitrogen fixation for the 21st century: Proceedings of the 11th International Congress on Nitrogen Fixation Institut Pasteur,Paris,France,Jul 20-25,1997
260 ## - PUBLICATION, DISTRIBUTION, ETC. (IMPRINT)
Place of publication Dodrecht
Name of publisher Kluwer academic pub
Year of publication 1998
490 ## - SERIES STATEMENT
Series statement Current plant science and biotechnology in agriculture V31
650 ## - SUBJECT ADDED ENTRY--TOPICAL TERM
Topical Term Carbon metabolism
650 ## - SUBJECT ADDED ENTRY--TOPICAL TERM
Topical Term Cyanobacteria
650 ## - SUBJECT ADDED ENTRY--TOPICAL TERM
Topical Term Environmental stress
650 ## - SUBJECT ADDED ENTRY--TOPICAL TERM
Topical Term Rhizobium legume symbiosis
650 ## - SUBJECT ADDED ENTRY--TOPICAL TERM
Topical Term Sustainable agriculture
700 ## - ADDED ENTRY--PERSONAL NAME
Personal name Elmerich, C
942 ## - ADDED ENTRY ELEMENTS (KOHA)
Koha item type Books
Holdings
Withdrawn status Lost status Damaged status Not for loan Home library Current library Date acquired Cost, normal purchase price Full call number Accession Number Koha item type
        RRII Library RRII Library 16/12/2021 500.00 631.461.5 ELM 21834 Books